Rewinding small motors; (Record no. 545501)
[ view plain ]
| 000 -LEADER | |
|---|---|
| fixed length control field | 00809cam a22002051 4500 |
| 082 ## - DEWEY DECIMAL CLASSIFICATION NUMBER | |
| Classification number | 621.316 |
| Author Mark | BRA |
| -- | L-10, P-42 |
| 100 1# - MAIN ENTRY--PERSONAL NAME | |
| Personal name | Braymer, Daniel Harvey, |
| 9 (RLIN) | 41375 |
| 245 10 - TITLE STATEMENT | |
| Title | Rewinding small motors; |
| Remainder of title | practical details of repair-shop practice with step-by-step procedure for rewinding all types and designs of fractional-horsepower direct-and alternating-current motors, |
| Statement of responsibility, etc. | by Daniel H. Braymer and A. C. Roe. |
| 250 ## - EDITION STATEMENT | |
| Edition statement | 3d ed. |
| 260 ## - PUBLICATION, DISTRIBUTION, ETC. | |
| Place of publication, distribution, etc. | New York, |
| Name of publisher, distributor, etc. | McGraw-Hill, |
| Date of publication, distribution, etc. | 1949. |
| 300 ## - PHYSICAL DESCRIPTION | |
| Extent | x, 422 p. |
| Other physical details | illus. |
| Dimensions | 24 cm. |
| 526 ## - STUDY PROGRAM INFORMATION NOTE | |
| Program name | 0 |
| Interest level | 0 |
| Reading level | 0 |
| Title point value | 621_316000000000000_BRA |
| 526 ## - STUDY PROGRAM INFORMATION NOTE | |
| Program name | 0 |
| Interest level | 0 |
| Reading level | 0 |
| Title point value | 621_316000000000000_BRA |
| 526 ## - STUDY PROGRAM INFORMATION NOTE | |
| Program name | 0 |
| Interest level | 0 |
| Reading level | 0 |
| Title point value | 621_316000000000000_BRA |
| 650 #0 - SUBJECT ADDED ENTRY--TOPICAL TERM | |
| Topical term or geographic name entry element | Armatures. |
| 9 (RLIN) | 41376 |
| 650 #0 - SUBJECT ADDED ENTRY--TOPICAL TERM | |
| Topical term or geographic name entry element | Electric motors. |
| 9 (RLIN) | 41283 |
| 650 #0 - SUBJECT ADDED ENTRY--TOPICAL TERM | |
| Topical term or geographic name entry element | MCE |
| 9 (RLIN) | 379 |
| 700 1# - ADDED ENTRY--PERSONAL NAME | |
| Personal name | Roe, A. C. |
| 9 (RLIN) | 41377 |
| 942 ## - ADDED ENTRY ELEMENTS (KOHA) | |
| Source of classification or shelving scheme | |
| Koha item type | Book |
| Withdrawn status | Lost status | Source of classification or shelving scheme | Damaged status | Not for loan | Permanent Location | Current Location | Date acquired | Total Checkouts | Full call number | Barcode | Date last seen | Price effective from | Koha item type |
|---|---|---|---|---|---|---|---|---|---|---|---|---|---|
| Military College of Engineering (MCE) | Military College of Engineering (MCE) | 05/23/2014 | 621.316 BRA | MCE-29390 | 05/23/2014 | 05/23/2014 | Book | ||||||
| Military College of Engineering (MCE) | Military College of Engineering (MCE) | 05/23/2014 | 621.316 BRA | MCE-29569 | 05/23/2014 | 05/23/2014 | Book | ||||||
| Military College of Engineering (MCE) | Military College of Engineering (MCE) | 05/23/2014 | 621.316 BRA | MCE-29548 | 05/23/2014 | 05/23/2014 | Book |
